Paroles - Toute la nuit - Anyme023 - GP Explorer - Statistiques

Statistiques générales
  • Ce quiz a été pris 54 fois
  • Le résultat moyen est 272 sur 467
Statistiques - réponses
Paroles % Correct
la
100%
La
100%
tout
100%
nuit
95%
nuit,
95%
c'est
93%
Le
93%
le
93%
pas
93%
pas,
93%
Pas
93%
toute
93%
champagne,
88%
latinas,
88%
me
85%
vie
85%
vie.
85%
les
83%
Les
83%
bébé
80%
ma
80%
Nan
78%
Pour
75%
pour
75%
mais
73%
Mais
73%
tu
73%
Tu
73%
à
70%
a
70%
de
70%
je
68%
l'année
68%
ne
68%
deux,
60%
night
60%
se
60%
qui
58%
toi,
58%
toi
58%
blessures,
55%
blessures
55%
j'ai
55%
J'ai
55%
réalise
55%
réalises
55%
Tous
55%
fait,
53%
moi
53%
problèmes,
53%
nique
50%
par
50%
y
50%
Y
50%
j'suis
48%
J'suis
48%
l'amour
48%
m'as
48%
panique
48%
va
48%
Fais
45%
fais
45%
On
45%
tes
45%
t'es
45%
en
43%
et
43%
Loin,
43%
loin,
43%
loin
43%
connais
40%
dans
40%
Dans
40%
l'histoire,
40%
l'histoire
40%
peu
40%
qu'on
40%
tminik
40%
importe
38%
seul,
38%
seul
38%
si
38%
valises,
38%
comme
35%
crois
35%
dire
35%
finis
35%
Quand
35%
quand
35%
riche,
35%
tête,
35%
tête
35%
arriver
33%
blessé
33%
c'était
33%
Donc
33%
espoir
33%
"God Bless"
33%
J'aime
33%
J'pensais
33%
l'idée
33%
mérité
33%
mise
33%
parti
33%
perdu
33%
plus
33%
qu'j'étais
33%
qu'une
33%
sans
33%
tminik
33%
t'oublier
33%
t'oublier,
33%
vrai
33%
Au
30%
des
30%
Des
30%
du
30%
Du
30%
J'aimerais
30%
j'aimerais
30%
j'avais
30%
j'me
30%
sors
30%
trop
30%
vices
30%
d'limites
28%
d'loin
28%
droite
28%
fois,
28%
J'accélère
28%
j'oublie
28%
J'oublie
28%
J'sais
28%
ligne
28%
mal
28%
paro'
28%
qu'j'ai
28%
qu'j'reviens
28%
tellement
28%
Ça
25%
deviens
25%
disparaître,
25%
Finir
25%
jamais
25%
j'fais
25%
J'souris
25%
l'fond,
25%
m'blesse
25%
monopolise
25%
tease
25%
t'piquera
25%
coeur
23%
croire
23%
d'y
23%
j'crois
23%
j'en
23%
khaliss
23%
l'dernier
23%
mois
23%
solo
23%
barreaux
20%
bien
20%
coup
20%
début
20%
d'moi
20%
d'projets
20%
f'rait
20%
l'espoir
20%
même
20%
sport
20%
vérité,
20%
amis
18%
besoin
18%
donné,
18%
j'tise
18%
là-haut
18%
paillettes
18%
refusaient
18%
salaud
18%
strass
18%
baisé,
15%
cage,
15%
gros,
15%
J'aurais
15%
j'finirai
15%
Laissez-moi
15%
zéro
13%
Dsquared2
10%
Aucun quiz correspondant
Distribution des résultats
% des personnes avec chaque résultat
Percentile par nombre de réponses
Votre historique - résultats
Vous n’avez pas pris ce quiz